Do jakiej firmy należy ten model samochodu? - Statystyki

Ogólne statystyki
  • Ten quiz został rozwiązany 928 razy
  • Średni wynik to 12 z 25
Statystyki odpowiedzi
Model Odpowiedź % Poprawnych
Passat Volkswagen
91%
M3 BMW
88%
Impreza Subaru
85%
RS 2 Audi
83%
F40 Ferrari
81%
NSX Honda
81%
919 Porsche
78%
RX-7 Mazda
76%
MR 2 Toyota
57%
Zonda F Pagani
56%
Brera Alfa Romeo
47%
DB 5 Aston Martin
46%
XJ 220 Jaguar
46%
SLR Mercedes Benz
43%
F1 McLaren
42%
Quattroporte Maserati
39%
Delta Lancia
38%
Elise Lotus
34%
SC 430 Lexus
24%
CCXR Koenigsegg
22%
Karma Fisker
11%
Apollo Gumpert
8%
MT 900 Mosler
8%
M 600 Noble
8%
C8 Laviolette Spyker
5%
Nie znaleziono quizów pasujących do podanych kryteriów
Rozkład punktacji
Procent ludzi z każdym wynikiem
Percentyl według liczby udzielonych odpowiedzi
Twoja historia wyników
Nie rozwiązałeś tego quizu